Návrh absorbéra absorpčného chladiaceho zariadenia

Saved in:
Bibliographic Details
Main Author: Betteš, Róbert (Author)
Other Authors: Mlynár, Peter (Thesis advisor)
Format: Manuscript Book
Language:Slovak
Published: 2017
Subjects:
Online Access:http://is.stuba.sk/zp/portal_zp.pl?podrobnosti=133152
Tags: Add Tag
No Tags, Be the first to tag this record!

MARC

LEADER 00000ntm a22000003a 4500
001 stuzp64212
003 SK-STU
005 20170624213147.1
007 ta
008 150427s2015----xo-----f-mn---000-0-slo-d
040 |a STU  |b slo 
041 0 |a slo 
100 1 |a Betteš, Róbert  |u 020060  |4 aut  |U SjF Strojnícka fakulta  |T SjF Ústav energetických strojov a zariadení  |X 76081  |U J0060  |Y 805  |7 76081 
242 0 1 |a Design of absorber in absorption refrigation system  |y eng 
245 1 0 |a Návrh absorbéra absorpčného chladiaceho zariadenia 
260 |c 2017 
650 4 |a absorbér  |2 slo 
650 4 |a LiBr  |2 slo 
650 4 |a absorpčný chladiaci obeh  |2 slo 
650 4 |a sorpcia  |2 slo 
650 4 |a tepelné čerpadlo  |2 slo 
650 4 |a absorption refrygation cycle  |2 eng 
650 4 |a sorption  |2 eng 
650 4 |a heat pump  |2 eng 
650 4 |a absorber  |2 eng 
650 4 |a LiBr  |2 eng 
700 1 |a Mlynár, Peter  |u 020060  |k Z1  |4 ths  |U SjF Strojnícka fakulta  |T SjF Ústav energetických strojov a zariadení  |X 13110  |U J0060  |Y 805  |7 A000013110 
856 4 |u http://is.stuba.sk/zp/portal_zp.pl?podrobnosti=133152 
996 |b 284J045150  |c J* 2620/BP  |l JJSK  |s A  |a 24  |w stuzp64212_0001